000 00715nam a2200229 u 4500
001 000055882
005 20200120223156.0
008 130611s1982 ck gr 000 0 spa d
041 0 _a|spa
043 _as-ck---
082 0 4 _a861.44
_bV45
_221
100 1 _aVinyes, Ramón,
245 1 0 _aSelección de textos 2 /
_cRamón Vinyes ; selección y prólogo : Jacques Gilard.
250 _a1a. ed.
260 _aBogotá :
_bInstituto Colombiano de Cultura,
_c1982.
300 _a398 p.
490 0 _aColección Autores Nacionales
_v54
504 _aIncluye referencias bibliográficas.
650 1 4 _aLiteratura colombiana
_xHistoria y critica
650 2 4 _aEnsayos colombianos
700 1 _aGilard, Jacques,
_ecomp.
999 _c5424
_d5424